|
|
|
|
| LEADER |
01185nam a2200337 4500 |
| 001 |
DLU170182713 |
| 005 |
##20171229 |
| 020 |
# |
# |
|a 9786045371787
|
| 040 |
# |
# |
|a DLU
|b vie
|
| 041 |
# |
# |
|a vie
|
| 044 |
# |
# |
|a vn
|
| 082 |
# |
# |
|a 398.8
|b NG-B
|
| 100 |
# |
# |
|a Ngô Văn Ban,
|e sưu tầm, tìm hiểu, giới thiệu.
|
| 245 |
# |
# |
|a Tìm hiểu về vè các lái và vè các lái trên con đường giao thương ven biển ở các tỉnh Nam Trung bộ /
|c Ngô Văn Ban.
|
| 260 |
# |
# |
|a H. :
|b Hội nhà văn,
|c 2016.
|
| 300 |
# |
# |
|a 293 tr. ;
|c 21 cm.
|
| 504 |
# |
# |
|a Cáo thư mục tham khảo sau từng phần.
|
| 504 |
# |
# |
|a Thư mục tham khảo: tr 282-289.
|
| 505 |
# |
# |
|a Chương 1. Tìm hiểu về vè các lái -- Chương 2. Bài Hải môn ca - bài ca về các cửa biển -- Chương 3. Vè các lái trên đường giao thương ngang qua vùng biển các tỉnh Nam Trung bộ.
|
| 650 |
# |
# |
|a Văn học dân gian Việt Nam.
|
| 923 |
# |
# |
|a 01/2017
|
| 991 |
# |
# |
|a SH
|
| 992 |
# |
# |
|a 12000
|
| 994 |
# |
# |
|a DLU
|
| 900 |
# |
# |
|a True
|
| 911 |
# |
# |
|a Nguyễn Thanh Hương
|
| 925 |
# |
# |
|a G
|
| 926 |
# |
# |
|a A
|
| 927 |
# |
# |
|a SH
|
| 980 |
# |
# |
|a Thư viện Trường Đại học Đà Lạt
|